| 000 | 00702nam a2200229 i 4500 | ||
|---|---|---|---|
| 001 | 115087 | ||
| 003 | ES-MaACL | ||
| 005 | 20250707062604.0 | ||
| 007 | t| | ||
| 008 | 070221s1910 sp ||||1| spa d | ||
| 080 | _a821.134.2-32"19" | ||
| 100 | 1 |
_aAlmela Mengot, Vicente. _9234078 |
|
| 245 | 1 | 3 |
_aLa senda triste / _cpor Vicente Almela ; ilustraciones de Montagud. |
| 260 |
_aMadrid : _bEl Cuento Semanal, _c1910. |
||
| 300 |
_a[20] p. : _bil. col. y n. ; _c26 cm. |
||
| 490 | 1 |
_aEl cuento semanal ; _v162 |
|
| 597 | _aTodas las páginas deterioradas. | ||
| 700 | 1 |
_aMontagud. _9171889 |
|
| 830 | 1 | 3 |
_aEl cuento semanal _v162 _9185957 |
| 852 |
_aES-MaACL _jG-4445(5) |
||
| 999 |
_c115087 _d115087 |
||